Počítačová bezpečnosť '96 zborník prednášok [z 2. ročníka odborného seminára ... 25. septembra 1996 v Banskej Bystrici]

Bibliographic Details
Corporate Author: Počítačová bezpečnosť Banská Bystrica, Slovensko (Author)
Format: Conference Proceeding Book
Language:Slovak
PhysicalDescription:93 s. Sch., tab. 30 cm
Published: Banská Bystrica Agentúra SH [1996]
ISBN:8096761501
Subjects:

MARC

LEADER 00000cam a2200000 a 4500
001 vtls001224409
003 SK-MaSNL
005 20260301050451.0
008 240226s1996 xo a r 100 0 slo
015 |a SNBA1997/0300852 
020 |a 8096761501 
035 |a SNK000170905 
035 |a urn:nbn:sk:snk-amjtd9 
035 |a urn:nbn:sk:snk:ar-a0bczz 
035 |a 427e9cc3-6cf7-407c-879a-83a3f8de1345 
040 |a SNK  |b slo  |c SNK  |e AACR2 
041 0 |a slo 
044 |a xo  |c SK 
080 |a 681.3:654(082)  |2 1981 
080 |a 654(082)  |2 1981 
111 1 |a Počítačová bezpečnosť  |n (2. :  |d 1996 :  |c Banská Bystrica, Slovensko)  |4 aut  |9 90842 
245 1 0 |a Počítačová bezpečnosť '96  |b zborník prednášok [z 2. ročníka odborného seminára ... 25. septembra 1996 v Banskej Bystrici] 
260 |a Banská Bystrica  |b Agentúra SH  |c [1996] 
300 |a 93 s.  |b Sch., tab.  |c 30 cm 
500 |a 100 výt. 
504 |a Bibliogr. odkazy 
650 0 7 |a siete počítačové  |x systémy informačné  |x bezpečnosť počítačová  |x zborníky  |2 SNK  |9 356159 
650 0 7 |a systémy informačné  |x zborníky  |2 SNK  |9 356160 
650 0 7 |a bezpečnosť počítačová  |x zborníky  |2 SNK  |9 285319 
655 7 |a zborníky konferencií  |2 SNKPH  |9 70153 
655 7 |a issue_zb  |2 SNK  |9 276493 
919 |a 80-967615-0-1 
954 |a odborná, vedecká literatúra pôvodná (slovenská)  |2 lita 
958 |a ART 
958 |a TL 
958 |a NB 
958 |a OND 
958 |a EUIPO 
999 |c 601005  |d 602935 
952 |t P60, <09>, [BOOK], {629}  |a SNK  |b SNK  |y NEVYP  |7 0  |o snkB 31  |i snk126/970121  |0 0  |1 0  |4 0  |d 1997-01-20  |l 0  |r 2005-01-01 00:00:00  |w 2026-02-23 
952 |t P60, <03>, [BOOK], {603}  |a SNK  |b SNK  |y PREZ  |7 0  |p 17A0028086  |o snkSB 56348  |i snkKSP 394/97  |0 0  |1 0  |4 0  |d 1997-01-20  |f 1  |l 0  |r 2025-04-02 00:00:00  |w 2026-02-23 
952 |t P60, <04>, [BOOK], {604}  |a SNK  |b SNK  |y VYP  |7 0  |p 17A0028085  |o snkSB 56348 D1  |i snkKSP 395/96  |0 0  |1 0  |4 0  |d 1997-01-20  |l 0  |r 2005-01-01 00:00:00  |w 2026-02-23